00351nam a22001457a 4500003000400000008004100004020001800045082001600063100002300079245002800102250001100130260002800141300000800169650002800177OSt230130b ||||| |||| 00| 0 eng d a9780198077022 a658.848 MOI aJOSHI,Rakesh Mohan aInternational Marketing a2nd Ed aNew DelhibOxfordc2018 a751 aInternational Marketing